| 000 | 00813nam a2200241 u 4500 | ||
|---|---|---|---|
| 001 | 63706 | ||
| 005 | 20180714070242.0 | ||
| 008 | 151104s1995 mx r 000 0 spa d | ||
| 020 | _a9683648193 | ||
| 041 | _aspa | ||
| 082 | 0 |
_a417.2 _bLOP |
|
| 100 | 1 |
_aLope Blanch, Juan M. _eautor |
|
| 245 | 1 | 3 |
_aEl habla popular de la república mexicana : _bmateriales para su estudio / _cJuan M. Lope Blanch. |
| 250 | _aPrimera edición | ||
| 264 | 1 |
_aMéxico : _bUniversidad Nacional Autónoma de México, _c1995 |
|
| 300 |
_a691 páginas ; _c22 cm. |
||
| 336 |
_atexto _2rdacontent |
||
| 337 |
_asin mediación _2rdamedia |
||
| 338 |
_avolumen _2rdacarrier |
||
| 490 | 0 |
_aCentro de Lingüística Hispánica _v43 |
|
| 650 | 4 |
_aDialectología _xEstudio |
|
| 650 | 4 |
_aGeografía lingüística _zMéxico |
|
| 999 |
_c63706 _d63706 |
||